[Event "Mumbai Aurionpro U14 op"]
[Site "Mumbai"]
[Date "2025.06.18"]
[Round "3"]
[White "Kumar S, Madhesh"]
[Black "Advik, Reddy Moate"]
[Result "1-0"]
[WhiteElo "2243"]
[BlackElo "1814"]
[PlyCount "93"]
[EventDate "2025.06.16"]
[EventType "swiss"]
[EventRounds "9"]
[EventCountry "IND"]
[SourceTitle "CB26_2025"]
[SourceDate "2025.06.25"]
[SourceVersion "1"]
[SourceVersionDate "2025.06.25"]
[SourceQuality "1"]

1. e4 c6 2. Nf3 d5 3. Nc3 Bg4 4. h3 Bxf3 5. Qxf3 e6 6. Be2 Bc5 7. 0-0 Ne7 8. Na4 Bd6 9. d4 dxe4 10. Qxe4 Nd7 11. Rd1 Nf6 12. Qf3 Qa5 13. b3 Qf5 14. c4 0-0 15. Bb2 Qxf3 16. Bxf3 Rfd8 17. Nc5 Rab8 18. a4 Bxc5 19. dxc5 Nd7 20. b4 b6 21. Rd6 Nf5 22. Rd2 Nf8 23. Rxd8 Rxd8 24. cxb6 axb6 25. Bxc6 Rc8 26. Bb5 Nd6 27. Bd4 Nxc4 28. Rc1 Nd6 29. Rxc8 Nxc8 30. Ba6 Ne7 31. Bxb6 Nd5 32. Bc5 Nd7 33. Bb7 Nxc5 34. bxc5 Nc7 35. a5 Kf8 36. a6 Ke7 37. a7 Kd7 38. a8Q Nxa8 39. Bxa8 Kc7 40. f4 f6 41. Kf2 g5 42. fxg5 fxg5 43. Kf3 h5 44. g4 hxg4+ 45. Kxg4 e5 46. Kxg5 Kb8 47. Be4 1-0